| 000 | 00467pab a2200181 454500 | ||
|---|---|---|---|
| 008 | 180718b2008 xxu||||| |||| 00| 0 eng d | ||
| 100 | _aFindeisen, Sebastian | ||
| 245 | _aIndustry churning and the evolution of cities: evidence for Germany | ||
| 260 | _c2008 | ||
| 300 | _ap.326-39. | ||
| 362 | _aSep | ||
| 650 | _aIndustry | ||
| 650 | _aUrban development | ||
| 700 | _aSudekum, Jens | ||
| 773 | _aJournal of Urban Economics | ||
| 908 | _aN | ||
| 909 | _a81124 | ||
| 999 |
_c81124 _d81124 |
||